Premodern Combat Weapons Picture Quiz - Statistics

General Stats
  • This quiz has been taken 85 times
  • The average score is 11 of 18
Answer Stats
Picture Answer % Correct
Trident
95%
Boomerang
92%
Crossbow
89%
Katana
89%
Nunchaku
86%
Battle Axe
84%
Swiss Dagger
82%
Sling
79%
Halberd
66%
Shield
63%
War Hammer
59%
Blowgun
55%
Flail
48%
Rapier
48%
Danish Axe
41%
Cutlass
37%
Three-Section-Staff
11%
Katar
7%
No matching quizzes found
Score Distribution
Percent of People with Each Score
Percentile by Number Answered
Your Score History
You have not taken this quiz